00620cam a22001812 4500001001100000005001700011008004100028020002600069040001500095050001800110100003900128245013100167260003400298300001100332650003800343650002100381700003600402000000037220151217151748.0070125s xx 000 0 eng d a0826406505 :cKES 200 aKABUcKABU 0aBL240.2b.T461 aTempleton, John Marks.@000014853510aIs God the only reality? :bscience points to a deeper meaning of the universe /cJohn Marks Templeton and Robert L. Herrmann. aNew York :bContinuum,c1994. a190 p. 0aReligion and Science.@0000148531 0aGod.@00001485361 aHerrmann, Robert L.@0000148537